Globalization and the role of the state: lessons from Central and Eastern Europe

Saved in:  
Bibliographic Details
Main Author: MacIntyre, Robert (Author)
Format: Print Article
Language:English
Check availability: HBZ Gateway
Interlibrary Loan:Interlibrary Loan for the Fachinformationsdienste (Specialized Information Services in Germany)
Published: 2001
In: The ecumenical review
Year: 2001, Volume: 53, Pages: 447-478
Standardized Subjects / Keyword chains:B Central Europe / Globalization / Economic policy
IxTheo Classification:KBK Europe (East)
NCE Business ethics
Further subjects:B democratization / transformation / transition
B Democratization / Transition / Transformation (motif)
B Economy
B Globalization
B Oikonomia
B Europe
B Ecology

MARC

LEADER 00000caa a22000002c 4500
001 59676698X
003 DE-627
005 20220705134435.0
007 tu
008 160405s2001 xx ||||| 00| ||eng c
035 |a (DE-627)59676698X 
035 |a (DE-576)465184308 
035 |a (DE-599)GBV59676698X 
040 |a DE-627  |b ger  |c DE-627  |e rakwb 
041 |a eng 
084 |a 1  |2 ssgn 
100 1 |0 (DE-627)1254616888  |0 (DE-576)184616883  |4 aut  |a MacIntyre, Robert 
109 |a MacIntyre, Robert  |a McIntyre, Robert 
245 1 0 |a Globalization and the role of the state  |b lessons from Central and Eastern Europe 
264 1 |c 2001 
336 |a Text  |b txt  |2 rdacontent 
337 |a ohne Hilfsmittel zu benutzen  |b n  |2 rdamedia 
338 |a Band  |b nc  |2 rdacarrier 
650 4 |a Globalisierung 
650 4 |a Ökonomie 
650 4 |a Europa 
650 4 |a Transformation/Transition/Demokratisierung 
650 4 |a Ökologie 
650 4 |a Globalization 
650 4 |a Economy 
650 4 |a Europe 
650 4 |a transformation/transition/democratization 
650 4 |a Ecology 
652 |a KBK:NCE 
689 0 0 |d g  |0 (DE-588)4075753-5  |0 (DE-627)106085085  |0 (DE-576)209199350  |2 gnd  |a Ostmitteleuropa 
689 0 1 |d s  |0 (DE-588)4557997-0  |0 (DE-627)302297111  |0 (DE-576)213686155  |2 gnd  |a Globalisierung 
689 0 2 |d s  |0 (DE-588)4066493-4  |0 (DE-627)104117133  |0 (DE-576)209164816  |2 gnd  |a Wirtschaftspolitik 
689 0 |5 (DE-627) 
773 0 8 |i In  |t The ecumenical review  |d Oxford : Wiley, 1948  |g Bd. 53 (2001), S. 447-478  |w (DE-627)129085324  |w (DE-600)4471-4  |w (DE-576)014419122  |x 0013-0796  |7 nnas 
773 1 8 |g volume:53  |g year:2001  |g pages:447-478 
935 |a mteo 
935 |i Blocktest 
951 |a AR 
ELC |b 1 
ITA |a 1  |t 1 
LOK |0 000 xxxxxcx a22 zn 4500 
LOK |0 001 3303692416 
LOK |0 003 DE-627 
LOK |0 004 59676698X 
LOK |0 005 20160405124205 
LOK |0 008 160404||||||||||||||||ger||||||| 
LOK |0 040   |a DE-Tue135  |c DE-627  |d DE-Tue135 
LOK |0 092   |o n 
LOK |0 852   |a DE-Tue135 
LOK |0 852 1  |9 00 
LOK |0 935   |a ixzs  |a ixmi 
LOK |0 936ln  |0 1442048824  |a KBK 
LOK |0 936ln  |0 1442052953  |a NCE 
LOK |0 939   |a 04-04-16  |b l01 
ORI |a SA-MARC-ixtheoa001.raw 
STA 0 0 |a Central Europe,Eastern Central Europe,Ecology,Environmental balance,Ecology in literature,Ecology in art,Economic policy,Political economic policy,Europe,Europe,Europe,The West,Occident,Northeastern Europe,Globalization,Globalization,Internationalization,Globalization in art,Oikonomia 
STB 0 0 |a Europe,Mondialisation,Mondialisation,Politique économique,Écologie,Économie 
STC 0 0 |a Ecología,Economía,Europa,Globalización,Globalización,Política económica 
STD 0 0 |a Ecologia,Europa,Globalizzazione,Globalizzazione,Oikonomia,Politica economica 
STE 0 0 |a 全球化,生态学,经济政策 
STF 0 0 |a 全球化,生態學,經濟政策 
STG 0 0 |a Ecologia,Economia,Europa,Globalização,Globalização,Política econômica 
STH 0 0 |a Глобализация (мотив),Глобализация,Европа (мотив),Икономия (церковное право),Экология,Экономическая политика 
STI 0 0 |a Ευρώπη (μοτίβο),Οικολογία,Οικονομία (εκκλησιαστικό δίκαιο),Οικονομική πολιτική,Παγκοσμιοποίηση (μοτίβο),Παγκοσμιοποίηση 
SYE 0 0 |a Weltwirtschaft,Weltgesellschaft,Globalisation,Globalization , Oikonomia , Liberté,Europa III,Europe,Europäische Länder,Europäische Staaten , Abendland,Okzident , Umweltprobleme - Ökologie,Umweltbiologie 
SYG 0 0 |a Mitteleuropa,Ost,Central Europe,Mittelosteuropa , Weltwirtschaft,Weltgesellschaft,Globalisation,Globalization , Volkswirtschaftspolitik,Allgemeine Wirtschaftspolitik